Statistics for 1958 FIFA World Cup Results

Click here to take the quiz!

General Stats

  • This quiz has been taken 87 times
  • The average score is 14 of 16

Answer Stats

Nation % Correct
Brazil
100%
Sweden
98%
Argentina
96%
France
96%
England
93%
West Germany
91%
Mexico
89%
Soviet Union
89%
Austria
85%
Hungary
83%
Yugoslavia
83%
Scotland
78%
Czechoslovakia
76%
Wales
74%
Paraguay
67%
Northern Ireland
54%

Score Distribution

Percentile by Number Answered

Percent of People with Each Score

Your Score History

You have not taken this quiz